Normal view MARC view
  • Martínez, Leonor

Entry Nombre Personal

Number of records used in: 1

001 - NUMERO DE CONTROL

  • campo de control: 53671

003 - IDENTIFICADOR DE NUMERO DE CONTROL

  • campo de control: MX-MxUPN

005 - FECHA Y HORA DE LA ÜLTIMA TRANSACCIÓN

  • campo de control: 20240924100343.0

008 - DATOS DE LONGITUD FIJA

  • campo de control de longitud fija: 240924|| aca||aabn | aaa d

040 ## - FUENTE DE CATALOGACIÓN

  • Agencia original de catalogación: MX-MxUPN
  • Lenguaje de catalogación: spa
  • Agencia de transcripción: MX-MxUPN

100 1# - ENCABEZAMIENTO - NOMBRE PERSONAL

  • Nombre personal: Martínez, Leonor

670 ## - FUENTE EN LA QUE SE LOCALIZARON DATOS

  • Cita de la fuente: Ajngáa me' phaa : lengua tlapaneca, Guerrero : segundo grado : lecturas, 1994:
  • Información localizada: página legal (Leonor Martínez)

902 ## - CATALOGADOR

  • Catalogador: Víctor Ruiz/240924